Statistics for How to train your dragon actors/actresses

Click here to take the quiz!

General Stats

  • This quiz has been taken 64 times
  • The average score is 14 of 18

Answer Stats

HintAnswer% Correct
America FerreraAstrid Hofferson
100%
Jay BaruchelHiccup Haddock
98%
Kristen WiigRuffnut Thorston
98%
T.J MillerTuffnut Thorston
95%
Gerard ButlerStoick the Vast
93%
Craig FergusonGobber
88%
Christopher Mintz-PlasseFishlegs Ingerman
86%
Jonah HillSnotlout Jorgenson
86%
Djimon HounsouDrago Bludvist
84%
Cate BlanchettValka
84%
Kit HarringtonEret son of Eret
79%
Mae WhitmanHeather
72%
David FaustinoDagur the Deranged
70%
F. Murray AbrahamGrimmel the Grisly
67%
David TennantSpitelout Jorgenson
67%
Alfred MolinaViggo Grimborn
56%
JB BlancRyker Grimborn
51%
Mark HamillAlvin the Treacherous
44%

Score Distribution

Percentile by Number Answered

Percent of People with Each Score

Your Score History

You have not taken this quiz